El tratamiento fiscal de la familia en el IRPF

Bibliographic Details
Main Author: ℓlamo Cerrillo, Raquel
Format: eBook
Language:Spanish
Published: Madrid: Dykinson, 2020
Subjects:
Online Access:Acceso restringido

MARC

LEADER 00000nam a22000007a 4500
005 20200526221216.0
007 cr|||| ||||
008 200526s2020 es |||||s|||| 00||0 spa d
020 |a 978-84-1324-622-2 
035 |a 31457 
040 |a vLex 
090 |c 10388  |d 10388 
100 1 |a ℓlamo Cerrillo, Raquel 
245 1 2 |a El tratamiento fiscal de la familia en el IRPF  |h [Recurso electrn̤ico] /  |c Raquel ℓlamo Cerrillo 
256 |a Servicio en ln̕ea 
260 |a Madrid:  |b Dykinson,  |c 2020 
300 |a 1 recurso electrn̤ico 
506 1 |a Disponible solo en los productos indicados  |d vLex Global  |d vLex Global (Academic Edition, excluding Law Schools)  |d vLex Global (U.S. Academic Edition, Law Schools)  |d vLex Global (U.S. Academic Edition, excluding Law Schools)  |d vLex Global (Academic Edition, Law Schools) 
650 0 4 |a Derecho Tributario  |z Espaą 
740 0 |a vLex Libros (Servicio en ln̕ea) 
856 4 0 |u http://vlex.com/source/tratamiento-fiscal-familia-irpf-31457  |z Acceso restringido 
942 |c BOOK 
999 0 |a Tax Law